De parte de la princesa muerta / (Record no. 108778)

MARC details
000 -LEADER
campo de control de longitud fija 00689nam a2200229 4500
001 - NÚMERO DE CONTROL
campo de control 108778
003 - IDENTIFICADOR DE NÚMERO DE CONTROL
campo de control ES-MaACL
005 - FECHA Y HORA DE LA ÚLTIMA TRANSACCIÓN
campo de control 20230906184716.0
007 - CAMPO FIJO DE DESCRIPCIÓN FÍSICA--INFORMACIÓN GENERAL
campo de control de longitud fija t|
008 - DATOS DE LONGITUD FIJA--INFORMACIÓN GENERAL
campo de control de longitud fija 061121s1988 sp r ||||1| spa d
020 ## - NÚMERO INTERNACIONAL ESTÁNDAR DEL LIBRO
Número Internacional Estándar del Libro 84-7669-049-5
100 1# - ENTRADA PRINCIPAL--NOMBRE DE PERSONA
Nombre de persona Mourad, Kénizé.
9 (RLIN) 83884
245 10 - MENCIÓN DEL TÍTULO
Título De parte de la princesa muerta /
Mención de responsabilidad, etc. Kenizé Mourad; traducido del francés por Mauricio Wacquez.
250 ## - MENCION DE EDICION
Mención de edición 8ª reimp.
260 ## - PUBLICACIÓN, DISTRIBUCIÓN, ETC.
Lugar de publicación, distribución, etc. Barcelona :
Nombre del editor, distribuidor, etc. Muchnik Editores,
Fecha de publicación, distribución, etc. 1988.
300 ## - DESCRIPCIÓN FÍSICA
Extensión 582 p. ;
Dimensiones 23 cm.
490 1# - MENCIÓN DE SERIE
Mención de serie Literatura ;
Designación de volumen o secuencia 52
700 1# - ENTRADA AGREGADA--NOMBRE PERSONAL
Nombre de persona Wacquez, Mauricio.
9 (RLIN) 115802
830 0# - PUNTO DE ACCESO ADICIONAL DE SERIE-TÍTULO UNIFORME
Título uniforme Literatura ;
Designación de volumen o secuencia 52
9 (RLIN) 177860
852 ## - LOCALIZACIÓN
Ubicación ES-MaACL
Número de control de estantería L-13227
Sublocalización o colección R.116241
Holdings
Estatus retirado Estado de pérdida Estado de daño No para préstamo Biblioteca de origen Biblioteca actual Ubicación en estantería Fecha de adquisición Fuente de adquisición Total de préstamos Signatura topográfica completa Código de barras Visto por última vez Precio de reemplazo Tipo de ítem Koha
        Biblioteca del Ateneo de Madrid Biblioteca del Ateneo de Madrid Depósito 2 17/01/2008     L-13227 1113504 23/02/2023 23/02/2023 Libro impreso